000 00661nam a2200205Ia 4500
005 20241216011502.0
008 190429s9999||||xx |||||||||||||| ||und||
082 _a657.42
_bM29
100 _aMAURATE FASHE ROCIO JESUS, TORRES MAURATE PATRICIA SOFIA
245 0 _aMODELO DE COSTOS PARA PREDETERMINAR UTILIDADES EN EMPRESAS PESQUERAS MANUFACTURERAS
250 _a0
260 _aCERRO DE PASCO-PERU
_bUNDAC
_c2000
300 _a71 pag.
_c30 cm.
341 _h0
490 _v0
_a0
505 _aPLANIFICACION-CONTROL DE PRODUCCION/ANALISIS/PROYECCION
541 _aD
_bMAURATE FASHE, ROCIO J.
_d26-Feb-02
_oSoles
650 _aContabilidad
942 _cTESIS
999 _c43171
_d43171